| 000 | 00542nam a22001577a 4500 | ||
|---|---|---|---|
| 003 | OSt | ||
| 005 | 20151030101208.0 | ||
| 008 | 151030b xxu||||| |||| 00| 0 eng d | ||
| 040 | _cRUA | ||
| 082 | _aFOR ទឹម 1989 B115 Or.1 | ||
| 100 |
_93058 _aទឹម ស៊ីផា |
||
| 245 | _aការដាំដុះដើមប្រេខ្យល់នៅស្ថានីយ៍ដាំឈើបាភ្នំ ខេត្តព្រៃវែង | ||
| 260 |
_aPhnom Penh _bRUA _c1989 |
||
| 300 |
_a126p. _bill. _c29cm. |
||
| 942 |
_2ddc _cFOR |
||
| 999 |
_c2851 _d2851 |
||